san antonio spur retired numbers - Statistics

General Stats
  • This quiz has been taken 703 times
  • The average score is 3 of 7
Answer Stats
number Answer % Correct
50 david robinson
96%
44 george gervin
81%
12 bruce bowen
31%
6 avery johnson
29%
32 sean elliott
24%
13 james silas
18%
00 johnny moore
15%
No matching quizzes found
Score Distribution
Percent of People with Each Score
Percentile by Number Answered
Your Score History
You have not taken this quiz